|
|
|
|
| LEADER |
01993nam a2200481 i 4500 |
| 001 |
EBC5778686 |
| 003 |
MiAaPQ |
| 005 |
20200520144314.0 |
| 006 |
m o d | |
| 007 |
cr cnu|||||||| |
| 008 |
190604s2018 enk ob 001 0 eng d |
| 020 |
|
|
|z 9781788210355
|
| 020 |
|
|
|a 9781788210362 (e-book)
|
| 035 |
|
|
|a (MiAaPQ)EBC5778686
|
| 035 |
|
|
|a (Au-PeEL)EBL5778686
|
| 035 |
|
|
|a (OCoLC)1043555688
|
| 040 |
|
|
|a MiAaPQ
|b eng
|e rda
|e pn
|c MiAaPQ
|d MiAaPQ
|
| 041 |
1 |
|
|a eng
|a pol
|
| 050 |
|
4 |
|a HB701
|b .M334 2018
|
| 082 |
0 |
|
|a 330.17
|2 23
|
| 100 |
1 |
|
|a Machaj, Mateusz,
|e author.
|
| 245 |
1 |
0 |
|a Capitalism, socialism and property rights :
|b why market socialism cannot substitute the market /
|c Mateusz Machaj ; translated by Kacper Potocki.
|
| 264 |
|
1 |
|a Newcastle upon Tyne :
|b Agenda Publishing,
|c [2018]
|
| 264 |
|
4 |
|c 2018
|
| 300 |
|
|
|a 1 online resource (ix, 226 pages).
|
| 336 |
|
|
|a text
|b txt
|2 rdacontent
|
| 337 |
|
|
|a computer
|b c
|2 rdamedia
|
| 338 |
|
|
|a online resource
|b cr
|2 rdacarrier
|
| 490 |
1 |
|
|a Austrian economics
|
| 504 |
|
|
|a Includes bibliographical references (pages 207-222) and index.
|
| 546 |
|
|
|a In English and Polish.
|
| 588 |
|
|
|a Description based on print version record.
|
| 590 |
|
|
|a Electronic reproduction. Ann Arbor, MI : ProQuest, 2018. Available via World Wide Web. Access may be limited to ProQuest affiliated libraries.
|
| 650 |
|
0 |
|a Right of property.
|
| 650 |
|
0 |
|a Property.
|
| 650 |
|
0 |
|a Capitalism.
|
| 650 |
|
0 |
|a Socialism.
|
| 655 |
|
4 |
|a Electronic books.
|
| 700 |
1 |
|
|a Potocki, Kacper,
|e translator.
|
| 776 |
0 |
8 |
|i Print version:
|a Machaj, Mateusz.
|t Capitalism, socialism and property rights : why market socialism cannot substitute the market.
|d Newcastle upon Tyne : Agenda Publishing, c2018
|h ix, 226 pages
|k Austrian economics.
|z 9781788210355
|w (DLC) 2017473660
|
| 797 |
2 |
|
|a ProQuest (Firm)
|
| 830 |
|
0 |
|a Austrian economics.
|
| 856 |
4 |
0 |
|u https://ebookcentral.proquest.com/lib/matrademy/detail.action?docID=5778686
|z Click to View
|